000
00318nam a2200133Ia 4500
005
20251222141851.0
008
251222s9999||||xx |||||||||||||| ||spa||
082
_a
428.4/M19
100
_a
Malkoc, Anna Maria
245
0
_a
Celebrate!
250
_a
2a.ed.
264
_b
English Language Programs Division
942
_c
LIB
999
_c
7738
_d
7738